| 000 | 00586nam a2200169 i 4500 | ||
|---|---|---|---|
| 001 | 27290 | ||
| 003 | ES-MaACL | ||
| 005 | 20250131235130.0 | ||
| 007 | t| | ||
| 008 | 030114s1881 sp ||||1| spa d | ||
| 110 | 2 |
_aAsociación Literaria de Gerona. _91742 |
|
| 245 | 1 | 0 |
_aVelada celebrada con motivo del segundo centenario de la muerte de Pedro Calderón de la Barca / _cAsociación Literaria de Gerona. |
| 260 |
_aGerona : _b[s.n.], _c1881. |
||
| 600 | 1 | 4 |
_aCalderón de la Barca, Pedro- _vAniversarios y centenarios _933612 |
| 852 |
_aES-MaACL _jT-1177-F-9 |
||
| 999 |
_c27290 _d27290 |
||